A w Nowej Hucie pieśń Cygan śpiewał... "Nowohuccy Romowie w wyobrażonym świecie propagandy Planu sześcioletniego"
| Titel: | A w Nowej Hucie pieśń Cygan śpiewał... "Nowohuccy Romowie w wyobrażonym świecie propagandy Planu sześcioletniego" / Monika Golonka-Czajkowska |
|---|---|
| Verfasser: | |
| In: |
Komunistyczni bohaterowie ; 2. Przemiana, bunt, odrzucenie, (2012), Seite 45-64 alle Artikel anzeigen |
| Veröffentlicht: | 2012 |
| Format: | Aufsatz |
| Sprache: | Polnisch |
X
alg: 46473789 001A $03025:27-05-20 001B $06060:22-02-23 $t00:35:54.000 001D $03025:27-05-20 001U $0utf8 001X $00 002@ $0Aou 002C $aText $btxt $2rdacontent 002D $aohne Hilfsmittel zu benutzen $bn $2rdamedia 002E $aBand $bnc $2rdacarrier 003@ $0464737893 007A $0464737893 $aHEB 010@ $apol 010E $erda 011@ $a2012 021A $aA w Nowej Hucie pieśń Cygan śpiewał... "Nowohuccy Romowie w wyobrażonym świecie propagandy Planu sześcioletniego" $hMonika Golonka-Czajkowska 028A $BVerfasser $4aut $7 $8Golonka-Czajkowska, Monika [Tnu] $9425118568 031A $h45-64 $j2012 039B $aEnthalten in $8--Afu--. Komunistyczni bohaterowie ; 2. Przemiana, bunt, odrzucenie. - Kraków : Wydawnictwo Libron, 2012. - 478 Seiten. - Illustrationen. - ISBN 83-62196-76-9 $x201200000000000955 $9333114272 044K $RKrakau $#Krakau- Nowa Huta $#Nowa Huta Krakau- Nowa Huta $74120411-6 $8Nowa Huta$gKrakau [Tg1] $9085384313 044K $RZigeuner $RRomni $#Romanies $#Tsiganes $#Roma-Bevölkerung $#Rom Volk $74050473-6 $8Roma$gVolk [Ts1] $9085140678 044K $RWirtschaftssystem $RWirtschaftsplanung $#Central planning $#Planification économique $#centrally planned economies $#Planwirtschaft $#Planwirtschaft $#Zentrale Planwirtschaft $#Zentralgeleitete Planwirtschaft $#Zentralgeleitete Wirtschaft $#Zentralverwaltungswirtschaft $74046242-0 $8Planwirtschaft [Ts1] $9085129240 044K $RStadtgestaltung $#City planning $#Design urbain $#Stadtarchitektur $#Stadtbaukunst $#Urbanistik Städtebau $74056795-3 $8Städtebau [Ts1] $9085158194 045F $a909.04914970943809045 $eDDC23BSB 045F/01 $a909.0491497 045F/03 $f09045 045F/03 $g438 045G $a780.943809045 $eDDC23BSB 045G/01 $a780.9 045G/03 $f09045 045G/03 $g438 045R $aGeschichte 1949-1955 lok: 46473789 78 exp: 46473789 78 1 #EPN 201B/01 $027-05-20 $t13:00:45.000 201C/01 $027-05-20 201U/01 $0utf8 203@/01 $01107916690 208@/01 $a27-05-20 $be 209A/01 $a/ $f000 $x00 209A/01 $ab*p $x01 220C/01 $apgar 244Z/01 $#Generalgouvernement Polen $#Polska $#Rzeczpospolita Polska $#Polska Rzeczpospolita Ludowa $#Poland $#Pologne $#République Polonaise $#Generalne Gubernatorstwo w Polsce $#Polish People's Republic $#Polska Rzeczpospolita Polen $#PRL $#RP $#Polen Generalgouvernement $#Polska Generalgouvernement $#Besetzte Polnische Gebiete $#Besetztes Gebiet in Polen $#Okupowane Polskie Obszary $#Obszary Okupowane w Polsce $#Volksrepublik Polen $#Polska Rosyjska $#Republic Polen $#Respublika Pol'ša $#Pol'skaja Narodnaja Respublika $#République de Pologne $#Polen Links der Weichsel $#Polska po Lewej Stronie Wisły $#Lenkija $#Polija $#Gubernija Carstva Pol'skago $#Republik Polen $74046496-9 $8--Tg1--Polen $x01 $9085129801 247C/01 $82080>Marburg/Lahn, Herder-Institut, Forschungsbibliothek, Bibliographieportal $9336309341
| LEADER | 00000caa a2200000 c 4500 | ||
|---|---|---|---|
| 001 | 464737893 | ||
| 003 | DE-603 | ||
| 005 | 20230222003554.0 | ||
| 007 | tu | ||
| 008 | 200527s2012 xx |||| | u00||u|pol c | ||
| 035 | |a (DE-599)HEB464737893 | ||
| 040 | |a DE-603 |b ger |c DE-603 |d DE-603 |e rda | ||
| 041 | |a pol | ||
| 082 | 0 | 4 | |8 1\u |a 909.04914970943809045 |q DE-101 |2 23/BSB |
| 083 | 0 | |8 2\u |a 780.943809045 |q DE-101 |2 23/BSB | |
| 085 | |8 1\u |b 909.0491497 | ||
| 085 | |8 1\u |z 1 |s 09045 | ||
| 085 | |8 1\u |z 2 |s 438 | ||
| 085 | |8 2\u |b 780.9 | ||
| 085 | |8 2\u |z 1 |s 09045 | ||
| 085 | |8 2\u |z 2 |s 438 | ||
| 100 | 1 | |a Golonka-Czajkowska, Monika |e Verfasser |4 aut |0 (DE-603)425118568 | |
| 245 | 0 | 0 | |a A w Nowej Hucie pieśń Cygan śpiewał... "Nowohuccy Romowie w wyobrażonym świecie propagandy Planu sześcioletniego" |c Monika Golonka-Czajkowska |
| 264 | 0 | |c 2012 | |
| 336 | |a Text |b txt |2 rdacontent | ||
| 337 | |a ohne Hilfsmittel zu benutzen |b n |2 rdamedia | ||
| 338 | |a Band |b nc |2 rdacarrier | ||
| 648 | 7 | |a Geschichte 1949-1955 |2 gnd | |
| 650 | 7 | |a Roma |g Volk |0 (DE-588)4050473-6 |0 (DE-603)085140678 |2 gnd | |
| 650 | 7 | |a Planwirtschaft |0 (DE-588)4046242-0 |0 (DE-603)085129240 |2 gnd | |
| 650 | 7 | |a Städtebau |0 (DE-588)4056795-3 |0 (DE-603)085158194 |2 gnd | |
| 651 | 7 | |a Nowa Huta |g Krakau |0 (DE-588)4120411-6 |0 (DE-603)085384313 |2 gnd | |
| 773 | 0 | 8 | |i Enthalten in |t Komunistyczni bohaterowie ; 2. Przemiana, bunt, odrzucenie |d Kraków : Wydawnictwo Libron, 2012 |h 478 Seiten, Illustrationen |z 8362196769 |z 9788362196760 |g (2012), Seite 45-64 |w (DE-603)333114272 |
| 924 | 0 | |9 2080 |a (DE-603)1107916690 |b DE-2080 |c HES |d d |g / | |


